[Event "Collado Villalba op 40th"]
[Site "Collado Villalba"]
[Date "2023.08.23"]
[Round "2"]
[White "Santos Garay Cordovil, Salvador"]
[Black "Moreno Uribarri, Miguel"]
[Result "1-0"]
[WhiteElo "1758"]
[BlackElo "1869"]
[PlyCount "61"]
[EventDate "2023.08.22"]
[EventType "swiss"]
[EventRounds "9"]
[EventCountry "ESP"]
[SourceTitle "EXT 2024"]
[Source "ChessBase"]
[SourceDate "2023.10.10"]
[SourceVersion "1"]
[SourceVersionDate "2023.10.10"]
[SourceQuality "1"]

1. d4 Nf6 2. c4 g6 3. Nc3 d5 4. cxd5 Nxd5 5. e4 Nxc3 6. bxc3 Bg7 7. Nf3 c5 8. Rb1 0-0 9. Be2 b6 10. 0-0 Bb7 11. Qc2 cxd4 12. cxd4 Nc6 13. d5 Na5 14. Bd2 Rb8 15. Rfc1 Rc8 16. Qa4 Qd6 17. Bb4 Qf4 18. Rxc8 Rxc8 19. Bxa5 Bxd5 20. Bd2 Qxe4 21. Qxe4 Bxe4 22. Rc1 Rd8 23. Bb4 e6 24. h3 Bh6 25. Rc7 a5 26. Be7 Rb8 27. Bf6 Bf4 28. Rc4 Bxf3 29. Bxf3 Bd6 30. a4 Bc5 31. Kf1 1-0

[Event "Collado Villalba op 39th"]
[Site "Collado Villalba"]
[Date "2022.08.28"]
[Round "9"]
[White "Camarero Izquierdo, Juan Carlos"]
[Black "Moreno Uribarri, Miguel"]
[Result "0-1"]
[WhiteElo "1702"]
[BlackElo "1892"]
[PlyCount "70"]
[EventDate "2022.08.20"]
[EventType "swiss"]
[EventRounds "9"]
[EventCountry "ESP"]
[SourceTitle "EXT 2023"]
[Source "ChessBase"]
[SourceDate "2022.10.05"]
[SourceVersion "1"]
[SourceVersionDate "2022.10.05"]
[SourceQuality "1"]

1. e4 c5 2. Nf3 d6 3. d4 cxd4 4. Nxd4 Nf6 5. Nc3 g6 6. Be3 Bg7 7. Qd2 Ng4 8. 0-0-0 Nxe3 9. Qxe3 0-0 10. h4 Nc6 11. Nxc6 bxc6 12. h5 Be6 13. f4 Qa5 14. f5 Bxa2 15. hxg6 fxg6 16. Qh3 h6 17. Qg4 g5 18. e5 Qxe5 19. Nxa2 Qxb2+ 20. Kd2 d5 21. Qa4 Rxf5 22. Bd3 Rf2+ 23. Ke1 Raf8 24. Rd2 Bc3 25. Nxc3 Qxc3 26. Be2 Qg3 27. Kd1 Rxg2 28. Qxa7 Rff2 29. Qa8+ Rf8 30. Qa7 Rb8 31. Kc1 Qe5 32. c3 Rxe2 33. Rxe2 Qxc3+ 34. Rc2 Qb4 35. Rhh2 Qe1# 0-1

[Event "Madrid-ch final"]
[Site "Madrid"]
[Date "2020.07.19"]
[Round "2"]
[White "Moreno Uribarri, Miguel"]
[Black "Martin Duque, Jesus"]
[Result "0-1"]
[WhiteElo "1881"]
[BlackElo "2421"]
[PlyCount "46"]
[EventDate "2020.07.18"]
[EventType "swiss"]
[EventRounds "7"]
[EventCountry "ESP"]
[SourceTitle "EXT 2021"]
[Source "ChessBase"]
[SourceDate "2020.10.23"]
[SourceVersion "1"]
[SourceVersionDate "2020.10.23"]
[SourceQuality "1"]

1. e4 c5 2. Nf3 e6 3. d4 cxd4 4. Nxd4 a6 5. Bd3 Ne7 6. c4 Nbc6 7. Nc2 g6 8. Nc3 Bg7 9. 0-0 0-0 10. Qe2 f5 11. exf5 Nxf5 12. Rd1 Qc7 13. Bxf5 gxf5 14. f3 b6 15. Be3 Ne5 16. Rd4 Bb7 17. Rad1 Rf7 18. Bf4 Rd8 19. b3 d6 20. Qd2 Bxf3 21. Rxd6 Rxd6 22. Qxd6 Bxd1 23. Qxd1 Qd7 0-1

[Event "Collado Villalba 64 op 7th"]
[Site "Collado Villalba"]
[Date "2019.07.31"]
[Round "3"]
[White "Moreno Uribarri, Miguel"]
[Black "Candeleda Mayoral, Ramon"]
[Result "1/2-1/2"]
[WhiteElo "1710"]
[BlackElo "1305"]
[PlyCount "91"]
[EventDate "2019.07.29"]
[EventType "swiss"]
[EventRounds "9"]
[EventCountry "ESP"]
[SourceTitle "CBM 195 Extra"]
[Source "ChessBase"]
[SourceDate "2020.05.31"]
[SourceVersion "1"]
[SourceVersionDate "2020.05.31"]
[SourceQuality "1"]

1. e4 c6 2. d4 d5 3. e5 Bf5 4. Nc3 e6 5. g4 Bg6 6. Nge2 h6 7. Nf4 Ne7 8. Nxg6 Nxg6 9. Be3 Be7 10. Qd2 Nh4 11. 0-0-0 Nf3 12. Qe2 Ng5 13. f4 Ne4 14. Nxe4 dxe4 15. Bg2 Qd5 16. c4 Qa5 17. Kb1 Nd7 18. Bxe4 Nb6 19. Rhf1 Qb4 20. Rc1 Na4 21. f5 Bg5 22. Bxg5 hxg5 23. fxe6 fxe6 24. Bg6+ Kd8 25. Rf3 Rc8 26. a3 Qb6 27. Ka1 Qa6 28. Qd2 Nb6 29. Qb4 Nd7 30. Qd6 c5 31. dxc5 Qxd6 32. exd6 Ne5 33. Re3 Nxg6 34. Rxe6 Nf4 35. Re7 Rxc5 36. b4 Rc8 37. Rce1 Rxc4 38. d7 Rxh2 39. Rxg7 Ne2 40. Rxg5 Kxd7 41. Rd5+ Kc6 42. Rd2 Re4 43. g5 Rg2 44. g6 Rxg6 45. Rdxe2 Rxe2 46. Rxe2 1/2-1/2

[Event "Collado Villalba 64 op 7th"]
[Site "Collado Villalba"]
[Date "2019.07.30"]
[Round "2"]
[White "Ilin Kadirov, Daniil"]
[Black "Moreno Uribarri, Miguel"]
[Result "0-1"]
[WhiteElo "1246"]
[BlackElo "1710"]
[PlyCount "65"]
[EventDate "2019.07.29"]
[EventType "swiss"]
[EventRounds "9"]
[EventCountry "ESP"]
[SourceTitle "CBM 195 Extra"]
[Source "ChessBase"]
[SourceDate "2020.05.31"]
[SourceVersion "1"]
[SourceVersionDate "2020.05.31"]
[SourceQuality "1"]

1. d4 Nf6 2. Nf3 g6 3. e3 Bg7 4. Bd3 0-0 5. Nbd2 d6 6. Qe2 Nbd7 7. 0-0 e5 8. c3 Re8 9. e4 exd4 10. cxd4 Nxe4 11. Nxe4 d5 12. Qc2 dxe4 13. Bxe4 Nf6 14. Re1 c6 15. Bg5 Qa5 16. Bxf6 Bxf6 17. Bxc6 Bf5 18. Be4 Bg4 19. Red1 Bxf3 20. Bxf3 Bxd4 21. Rab1 Qb6 22. b3 Rac8 23. Qd2 Red8 24. Rbc1 Rxc1 25. Rxc1 Kg7 26. Rc2 Re8 27. h3 a5 28. Rc4 Bxf2+ 29. Qxf2 Re1+ 30. Kh2 Qxf2 31. Re4 Rxe4 32. Bxe4 Qf4+ 33. Kg1 0-1

[Event "Madrid-ch sf"]
[Site "Madrid"]
[Date "2019.05.06"]
[Round "1"]
[White "Moreno Uribarri, Miguel"]
[Black "Estevez Sacristan, Deva"]
[Result "0-1"]
[WhiteElo "1674"]
[BlackElo "1999"]
[PlyCount "126"]
[EventDate "2019.05.06"]
[EventType "swiss"]
[EventRounds "9"]
[EventCountry "ESP"]
[SourceTitle "CBM 190 Extra"]
[Source "ChessBase"]
[SourceDate "2019.07.15"]
[SourceVersion "1"]
[SourceVersionDate "2019.07.15"]
[SourceQuality "1"]

1. e4 c5 2. Nf3 g6 3. d4 cxd4 4. Qxd4 Nf6 5. e5 Nc6 6. Qa4 Nd5 7. Qe4 Nc7 8. Nc3 Bg7 9. Bf4 0-0 10. 0-0-0 a6 11. Qe3 b5 12. Bh6 b4 13. Ne4 Ne6 14. h4 Nxe5 15. Bxg7 Ng4 16. Qd2 Kxg7 17. h5 Bb7 18. Nfg5 h6 19. Nxe6+ fxe6 20. f3 Bxe4 21. fxg4 d5 22. hxg6 Rh8 23. Bd3 Bxg6 24. Bxg6 Kxg6 25. Qd3+ Kf7 26. Qd4 Qg8 27. Rdf1+ Ke8 28. Qxb4 Qg5+ 29. Kb1 Kd7 30. Qb7+ Kd6 31. Qb6+ Kd7 32. Qd4 Rhc8 33. Qa4+ Rc6 34. Rh3 Rac8 35. Rc3 Qe5 36. Rxc6 Rxc6 37. a3 Qe2 38. Rh1 Qxg2 39. Rxh6 Qf1+ 40. Ka2 Qc4+ 41. Qxc4 Rxc4 42. Rg6 Rxc2 43. Kb3 Rc4 44. g5 Rg4 45. Kc3 a5 46. b4 a4 47. Rg8 e5 48. Ra8 Rxg5 49. Rxa4 Rg3+ 50. Kd2 Kc6 51. Ra6+ Kd7 52. a4 e4 53. a5 d4 54. Ra7+ Kd6 55. Ra6+ Kd5 56. Ra8 Kc4 57. Rc8+ Kxb4 58. a6 Rg2+ 59. Kd1 Ra2 60. Rc6 e3 61. Re6 Kc3 62. Rxe7 Kd3 63. Rc7 Ra1+ 0-1

[Event "Madrid-ch Previa-B"]
[Site "Madrid"]
[Date "2019.02.15"]
[Round "6"]
[White "Baeza Escudero, Javier"]
[Black "Moreno Uribarri, Miguel"]
[Result "1-0"]
[WhiteElo "1895"]
[BlackElo "1629"]
[PlyCount "103"]
[EventDate "2019.02.01"]
[EventType "swiss"]
[EventRounds "9"]
[EventCountry "ESP"]
[SourceTitle "CBM 189 Extra"]
[Source "ChessBase"]
[SourceDate "2019.06.03"]
[SourceVersion "1"]
[SourceVersionDate "2019.06.03"]
[SourceQuality "1"]

1. e4 c5 2. Nf3 d6 3. d4 cxd4 4. Nxd4 Nf6 5. Nc3 g6 6. Be3 Bg7 7. f3 Nc6 8. Qd2 0-0 9. 0-0-0 d5 10. Nxc6 bxc6 11. Bc4 e6 12. Kb1 Qc7 13. Bb3 a5 14. Bh6 Ba6 15. Bxg7 Kxg7 16. h4 dxe4 17. fxe4 Rfd8 18. Qg5 h6 19. Qc5 Ng4 20. Rxd8 Rxd8 21. Ba4 Ne5 22. Bb5 Bxb5 23. Nxb5 Nd7 24. Qc3+ Qe5 25. Qxc6 Rb8 26. Qxd7 Rxb5 27. b3 Kf8 28. Rf1 f5 29. exf5 gxf5 30. Rd1 Rd5 31. Rxd5 Qxd5 32. Qxd5 exd5 33. Kb2 Ke7 34. Kc3 Ke6 35. Kd4 f4 36. a3 Kf5 37. b4 axb4 38. axb4 Kg4 39. b5 Kg3 40. b6 Kxg2 41. b7 f3 42. b8Q f2 43. Qg8+ Kh1 44. Qxd5+ Kg1 45. Qg8+ Kh1 46. Qf7 h5 47. Qf3+ Kg1 48. c4 Kf1 49. c5 Ke1 50. c6 f1Q 51. Qxf1+ Kd2 52. Qd3+ 1-0

[Event "Madrid-ch Previa-B"]
[Site "Madrid"]
[Date "2019.02.02"]
[Round "2"]
[White "Martin Rodriguez, Jose Luis"]
[Black "Moreno Uribarri, Miguel"]
[Result "0-1"]
[WhiteElo "1284"]
[BlackElo "1629"]
[PlyCount "60"]
[EventDate "2019.02.01"]
[EventType "swiss"]
[EventRounds "9"]
[EventCountry "ESP"]
[SourceTitle "CBM 189 Extra"]
[Source "ChessBase"]
[SourceDate "2019.06.03"]
[SourceVersion "1"]
[SourceVersionDate "2019.06.03"]
[SourceQuality "1"]

1. c4 Nf6 2. Nc3 g6 3. Nf3 Bg7 4. g3 0-0 5. Bg2 d6 6. d4 Nbd7 7. 0-0 e5 8. dxe5 dxe5 9. Qc2 c6 10. Rd1 Qe7 11. e4 a5 12. a4 Nc5 13. Re1 Rd8 14. Bg5 h6 15. Bxf6 Bxf6 16. Red1 Be6 17. Bf1 Bg4 18. Be2 Ne6 19. Rxd8+ Rxd8 20. Rd1 Bxf3 21. Bxf3 Nd4 22. Qd3 Qb4 23. Bg2 Ne6 24. Qe3 Rxd1+ 25. Nxd1 Qxa4 26. Qc3 Qxd1+ 27. Bf1 b6 28. Kg2 Nc5 29. Qe3 Qd4 30. Qe2 Qxe4+ 0-1

[Event "Madrid-ch Previa-B"]
[Site "Madrid"]
[Date "2019.02.01"]
[Round "1"]
[White "Moreno Uribarri, Miguel"]
[Black "Rojas Pozo, Jose Luis"]
[Result "0-1"]
[WhiteElo "1629"]
[BlackElo "1969"]
[PlyCount "60"]
[EventDate "2019.02.01"]
[EventType "swiss"]
[EventRounds "9"]
[EventCountry "ESP"]
[SourceTitle "CBM 189 Extra"]
[Source "ChessBase"]
[SourceDate "2019.06.03"]
[SourceVersion "1"]
[SourceVersionDate "2019.06.03"]
[SourceQuality "1"]

1. e4 e5 2. Nf3 Nc6 3. Bc4 Bc5 4. b4 Bb6 5. c3 d6 6. a4 a6 7. 0-0 Nf6 8. d3 0-0 9. Qb3 Qe7 10. Nbd2 Nh5 11. Re1 Bg4 12. h3 Bd7 13. Nf1 Qf6 14. Ne3 Bxe3 15. Rxe3 Qg6 16. Nh4 Qf6 17. Nf3 h6 18. d4 Qg6 19. Nh4 Qf6 20. Nf3 Nf4 21. Kh1 Nd8 22. Bf1 Nde6 23. g3 Ng6 24. Bg2 Ng5 25. Nxg5 hxg5 26. Rf3 Qe7 27. Qc4 g4 28. hxg4 Bxg4 29. Rd3 Be2 30. d5 b5 0-1

[Event "Tres Cantos op 10th"]
[Site "Tres Cantos"]
[Date "2018.06.21"]
[Round "1.15"]
[White "Ramos del Campo, Alexander"]
[Black "Moreno Uribarri, Miguel"]
[Result "1-0"]
[WhiteElo "2165"]
[BlackElo "1609"]
[PlyCount "41"]
[EventDate "2018.06.21"]
[EventType "swiss"]
[EventRounds "9"]
[EventCountry "ESP"]
[SourceTitle "EXT 2024"]
[Source "ChessBase"]
[SourceDate "2023.10.10"]
[SourceVersion "1"]
[SourceVersionDate "2023.10.10"]
[SourceQuality "1"]

1. e4 c5 2. Nf3 d6 3. Bb5+ Bd7 4. Bxd7+ Qxd7 5. 0-0 Nf6 6. Re1 Nc6 7. c3 g6 8. d4 cxd4 9. cxd4 Bg7 10. Nc3 e5 11. dxe5 dxe5 12. Nd5 Rd8 13. Bg5 Qd6 14. Qb3 h6 15. Bxf6 Bxf6 16. Qxb7 0-0 17. Rac1 Nd4 18. Nxd4 exd4 19. Rc6 Rb8 20. Rxd6 Rxb7 21. Nxf6+ 1-0

[Event "Madrid-ch Previa-A"]
[Site "Madrid"]
[Date "2018.02.12"]
[Round "4"]
[White "Moreno Uribarri, Miguel"]
[Black "Rueda Maria, Ramiro"]
[Result "0-1"]
[WhiteElo "1626"]
[BlackElo "1820"]
[PlyCount "98"]
[EventDate "2018.02.05"]
[EventType "swiss"]
[EventRounds "9"]
[EventCountry "ESP"]
[SourceTitle "EXT 2020"]
[Source "ChessBase"]
[SourceDate "2019.10.17"]
[SourceVersion "1"]
[SourceVersionDate "2019.10.17"]
[SourceQuality "1"]

1. e4 e5 2. Nf3 Nc6 3. d4 exd4 4. Nxd4 Bc5 5. Nb3 Bb6 6. Nc3 d6 7. Qe2 Be6 8. Be3 Nf6 9. 0-0-0 Qe7 10. Bxb6 axb6 11. Nd5 Bxd5 12. exd5 Qxe2 13. Bxe2 Ne7 14. Rhe1 Kd7 15. Bc4 Nf5 16. Bd3 Ne7 17. Bc4 Ng6 18. g3 Ne5 19. Bb5+ c6 20. dxc6+ bxc6 21. Rxe5 cxb5 22. Rxb5 Kc6 23. Nd4+ Kc7 24. a3 g6 25. Re1 Rhe8 26. Rxe8 Rxe8 27. f3 Re1+ 28. Kd2 Rh1 29. h4 Nh5 30. Ne2 Rh2 31. Ke3 Rh3 32. g4 Nf6 33. Kf4 h6 34. h5 g5+ 35. Ke3 Nxg4+ 36. Ke4 Nf6+ 37. Ke3 Nxh5 38. Rf5 f6 39. Nd4 g4 40. Ne6+ Kd7 41. Nf8+ Ke7 42. Ng6+ Kf7 43. Rxh5 Rxh5 44. fxg4 Rg5 45. Nf4 Rxg4 46. Nd5 h5 47. Nxb6 h4 48. Nd5 h3 49. Kf3 Rg8 0-1

[Event "San Sebastian de los Reyes op 19th"]
[Site "San Sebastian"]
[Date "2017.12.05"]
[Round "4"]
[White "Osuna Osuna, Francisco"]
[Black "Moreno Uribarri, Miguel"]
[Result "0-1"]
[WhiteElo "1565"]
[BlackElo "1582"]
[PlyCount "114"]
[EventDate "2017.12.02"]
[EventType "swiss"]
[EventRounds "9"]
[EventCountry "ESP"]
[SourceTitle "CBM 182 Extra"]
[Source "ChessBase"]
[SourceDate "2018.02.23"]
[SourceVersion "1"]
[SourceVersionDate "2018.02.23"]
[SourceQuality "1"]

1. e4 c5 2. Nc3 d6 3. f4 Nc6 4. Nf3 g6 5. Bc4 Bg7 6. d3 Nf6 7. 0-0 0-0 8. Qe1 Bg4 9. Qh4 Bxf3 10. Rxf3 e6 11. f5 Ne5 12. Rh3 Nh5 13. Bg5 Bf6 14. fxg6 hxg6 15. Bxf6 Qxf6 16. Qxf6 Nxf6 17. Rf1 Kg7 18. Bb3 a6 19. Ne2 b5 20. a3 c4 21. Ba2 Rh8 22. Rxh8 Rxh8 23. dxc4 bxc4 24. Nc3 Nfg4 25. Rd1 Rd8 26. Re1 Rc8 27. Nd1 Nd7 28. Ne3 Nge5 29. Rd1 Rc6 30. Rd4 Nb6 31. Kf1 f5 32. exf5 gxf5 33. Ke2 Na4 34. b3 Nc3+ 35. Kd2 Nxa2 36. Nxc4 Nc3 37. Kxc3 d5 38. h3 Kf6 39. Kb4 dxc4 40. bxc4 Nf7 41. c5 e5 42. Rd1 e4 43. h4 Ne5 44. c4 e3 45. Kc3 Rxc5 46. Kd4 e2 47. Re1 Rxc4+ 48. Ke3 Re4+ 49. Kd2 Nc4+ 50. Kd3 Nxa3 51. Rxe2 Rxe2 52. Kxe2 Nb5 53. Kd3 a5 54. Kc4 a4 55. Kb4 a3 56. Kb3 f4 57. Ka2 Kg6 0-1